Seven pillars of wisdom (Record no. 34690)

MARC details
000 -LEADER
fixed length control field 00564nam a2200181Ia 4500
020 ## - INTERNATIONAL STANDARD BOOK NUMBER
ISBN 1853264695
050 ## - CALL MARK
Classification number D 568.4 .L4/
100 ## - STATEMENT OF RESPONSIBILITY--MAIN AUTHOR NAME
Personal name Lawrence, T.E.
245 #0 - TITLE STATEMENT
Title Seven pillars of wisdom
260 ## - PUBLICATION, DISTRIBUTION, ETC. (IMPRINT)
Place of publication Hertfordshire
260 ## - PUBLICATION, DISTRIBUTION, ETC. (IMPRINT)
Name of publisher Wordsworth Editions Ltd
260 ## - PUBLICATION, DISTRIBUTION, ETC. (IMPRINT)
Year of publication 1997
300 ## - PHYSICAL DESCRIPTION
Number of Pages 660 p
650 ## - SUBJECT ADDED ENTRY--TOPICAL TERM
Topical Term World War, 1914-1918 --Campaigns --Turkey and the Middle East. Arabs. Bedouins. Wahhābīyah. Arabian Peninsula --Social life and customs.
942 ## - ADDED ENTRY ELEMENTS (KOHA)
Koha item type Books
Holdings
Withdrawn status Lost status Source of classification or shelving scheme Damaged status Not for loan Permanent Location Current Location Date acquired Accession Number Price effective from Koha item type
    Library of Congress Classification     NILE UNIVERSITY OF NIGERIA - MAIN LIBRARY NILE UNIVERSITY OF NIGERIA - MAIN LIBRARY 04/23/2025 0002205 04/23/2025 Books